Aseguramiento del sistema de gestión de calidad en el Instituto Clodomiro Picado

Uloženo v:
Podrobná bibliografie
Hlavní autor: González Roig, Pilar
Další autoři: Guevara Conejo, Andrea
Médium: Kniha
Vydáno: San José, C.R. 2001
Témata:
Tagy: Přidat tag
Žádné tagy, Buďte první, kdo vytvoří štítek k tomuto záznamu!

MARC

LEADER 00000nam a2200000Ia 4500
003 008705
005 20221231144203.0
008 140114s2001 cr a m 000 ||s d
040 |c cru CEDI 
090 |a TFG 4296 
100 |a González Roig, Pilar  |9 7823 
245 |a Aseguramiento del sistema de gestión de calidad en el Instituto Clodomiro Picado  
260 |c 2001  |a  San José, C.R. 
300 |a 2 volúmenes : ilustraciones  
500 |a Proyecto de graduación (licenciatura en ingeniería industrial)--Universidad de Costa Rica. Facultad de Ingeniería. Escuela de Ingeniería Industrial 
650 |x SUEROS ANTIOFIDICOS   |x  PRODUCCION   |x CONTROL DE CALIDAD   |x NORMALIZACION  |9 7826 
700 |9 7825  |a Guevara Conejo, Andrea 
942 |c TFG 
999 |c 18142  |d 18142